Contabilidade geral / (Record no. 780)
[ view plain ]
| 000 -LÍDER | |
|---|---|
| Campo Fixo de Controle | 00692nam a2200241 a 4500 |
| 001 - NÚMERO DE CONTROLE | |
| Campo de Controle | 780 |
| 003 - IDENTIFICAÇÃO DO NÚMERO DE CONTROLE | |
| Campo de Controle | BR-CuiBMT |
| 005 - DATA E HORA DA ÚLTIMA ATUALIZAÇÃO | |
| Campo de Controle | 20231117151210.0 |
| 008 - DADOS FIXOS | |
| Dados Fixos | 231117s2007 spba 000 0 por d |
| 020 ## - INTERNATIONAL STANDARD BOOK NUMBER | |
| Nº do ISBN | 9788522445967 |
| 040 ## - AGÊNCIA CATALOGADORA | |
| Código da Agência Catalogadora | BR-CuiBMT |
| Agência que transcreveu o registro | BR-CuiBMT |
| 080 ## - Nº DA CLASSIFICAÇÃO DECIMAL UNIVERSAL | |
| Nº edição CDU | 2007 |
| Nº Class. CDU | 657 |
| 090 ## - NÚMERO DE CHAMADA | |
| Nº classificação | 657 |
| Cutter | G635c |
| Ano/Edição | 6. ed. |
| 100 1# - ENTRADA PRINCIPAL -- AUTOR PESSOAL | |
| Nome pessoal | Gonçalves, Eugênio Celso |
| 245 10 - TÍTULO PRINCIPAL | |
| Título principal | Contabilidade geral / |
| Indicação de responsabilidade | Eugênio Celso Gonçalves , Antônio Eustáquio Baptista. |
| 250 ## - EDIÇÃO | |
| Edição | 6. ed. |
| 260 ## - PUBLICAÇÃO, DISTRIBUIÇÃO, ETC. | |
| Local de publicação | São Paulo : |
| Editora | Atlas, |
| Data | 2007. |
| 300 ## - DESCRIÇÃO FÍSICA | |
| N. páginas ou volumes | 378 p. : |
| Ilustrações | il. color. ; |
| Dimensões | 24 cm |
| 504 ## - NOTA DE BIBLIOGRAFIA, ETC. | |
| Nota de bibliografia | Inclui bibliografia. |
| 650 ## - ASSUNTO TÓPICO | |
| Cabeçalho tópico ou nome geográfico | Contabilidade |
| 700 1# - ENTRADA SECUNDÁRIA -- NOME PESSOAL | |
| Nome pessoal | Baptista, Antônio Eustáquio |
| 942 ## - ELEMENTOS DE ENTRADA ADICIONAIS (KOHA) | |
| Fonte de classificação ou esquema de arquivamento | Classificação Decimal Universal |
| Tipo de item do Koha | Livros |
| Estado: removido | Estado: perdido | Fonte de classificação ou esquema de arquivamento | Estado: danificado | Indisponível para empréstimo | Localização permanente | Localização atual | Data de aquisição | Total Checkouts | Número de Chamada completo | Código de barras | Date last seen | Número do exemplar | Preço efetivo a partir de | Tipo de item (Koha) |
|---|---|---|---|---|---|---|---|---|---|---|---|---|---|---|
| Classificação Decimal Universal | Biblioteca da Escola Superior de Contas do TCE/MT | Biblioteca da Escola Superior de Contas do TCE/MT | 23/09/2008 | 657 G635c 6. ed. | BIBTCEMT23110694 | 17/11/2023 | Ex. 1 | 17/11/2023 | Livros |